Proceedings of the workshop on recent advances in biotechnology 26-28 november 1990 jakarta indoneSIA (Record no. 576733)

000 -LEADER
fixed length control field 00412nam a22001457a 4500
003 - CONTROL NUMBER IDENTIFIER
control field CEME
005 - DATE AND TIME OF LATEST TRANSACTION
control field 20210628204232.0
008 - FIXED-LENGTH DATA ELEMENTS--GENERAL INFORMATION
fixed length control field 210218b xxu||||| |||| 00| 0 eng d
040 ## - CATALOGING SOURCE
Transcribing agency .
082 ## - DEWEY DECIMAL CLASSIFICATION NUMBER
Classification number 621.39732 PRO'C
245 ## - TITLE STATEMENT
Title Proceedings of the workshop on recent advances in biotechnology 26-28 november 1990 jakarta indoneSIA
260 ## - PUBLICATION, DISTRIBUTION, ETC.
Place of publication, distribution, etc. ISLAMABAD
Name of publisher, distributor, etc. COMESTECH
Date of publication, distribution, etc. 1990
300 ## - PHYSICAL DESCRIPTION
Extent 182P
942 ## - ADDED ENTRY ELEMENTS (KOHA)
Koha item type Book
Source of classification or shelving scheme
Holdings
Withdrawn status Lost status Damaged status Not for loan Permanent Location Current Location Shelving location Date acquired Total Checkouts Full call number Barcode Date last seen Price effective from Koha item type
        College of Electrical & Mechanical Engineering (CEME) College of Electrical & Mechanical Engineering (CEME) General Stacks 04/17/2017   621.39732 PRO'C CEME-30040 06/28/2021 06/28/2021 Book
© 2023 Central Library, National University of Sciences and Technology. All Rights Reserved.